ბათუმის შოთა რუსთაველის სახელმწიფო უნივერსიტეტის ბიბლიოთეკა

Проблемы советского почвоведения.Сборник 11 (ბიბ.ჩანაწერი № 46327)

000 -LEADER
fixed length control field 00639nam a2200217Ia 4500
001 - CONTROL NUMBER
control field 13163
003 - CONTROL NUMBER IDENTIFIER
control field GE_BSU
008 - FIXED-LENGTH DATA ELEMENTS--GENERAL INFORMATION
fixed length control field 181216s||||||||xx |||||||||||||| ||und||
040 ## - CATALOGING SOURCE
Transcribing agency GE_BSU
080 ## - UNIVERSAL DECIMAL CLASSIFICATION NUMBER
Universal Decimal Classification number 631.4
245 ## - TITLE STATEMENT
Title Проблемы советского почвоведения.Сборник 11
245 ## - TITLE STATEMENT
Remainder of title Сборник 11
245 ## - TITLE STATEMENT
Statement of responsibility, etc. Отв.ред.И.И.Герасимов
260 ## - PUBLICATION, DISTRIBUTION, ETC.
Place of publication, distribution, etc. М-Л
260 ## - PUBLICATION, DISTRIBUTION, ETC.
Name of publisher, distributor, etc. Изд-во АНСССР
260 ## - PUBLICATION, DISTRIBUTION, ETC.
Date of publication, distribution, etc. 1940
300 ## - PHYSICAL DESCRIPTION
Extent 224стр.илл.27см.
300 ## - PHYSICAL DESCRIPTION
Dimensions Библиогр.с.223
653 ## - INDEX TERM--UNCONTROLLED
Uncontrolled term Проблемы советского почвоведения
942 ## - ADDED ENTRY ELEMENTS (KOHA)
Koha item type წიგნი
ეგზემპლარები
Withdrawn status Lost status Damaged status Not for loan Date acquired Barcode Date last seen Price effective from Koha item type
        2018-12-17 21048 2018-12-17 2018-12-17 წიგნი